LIBRARY & INFORMATION CENTRE, KCAET, TAVANUR

ONLINE PUBLIC ACCESS CATALOGUE (OPAC)

Commercial applications of wind power / (Record no. 13569)

MARC details
000 -LEADER
fixed length control field 00470cam a2200181ua 4500
003 - CONTROL NUMBER IDENTIFIER
control field OSt
008 - FIXED-LENGTH DATA ELEMENTS--GENERAL INFORMATION
fixed length control field 241101b |||||||| |||| 00| 0 eng d
020 ## - INTERNATIONAL STANDARD BOOK NUMBER
ISBN 0-442-29036-5
041 ## - LANGUAGE CODE
Language code of text/sound track or separate title eng
082 ## - DEWEY DECIMAL CLASSIFICATION NUMBER
Classification number 621.47
Item number VOS/CO
100 ## - MAIN ENTRY--AUTHOR NAME
Personal name Vosburgh, Paul N. .
245 ## - TITLE STATEMENT
Title Commercial applications of wind power /
250 ## - EDITION STATEMENT
Edition statement 1 /
260 ## - PUBLICATION, DISTRIBUTION, ETC. (IMPRINT)
Place of publication New York :
Name of publisher Van Nostrand Reinhold Company ,
Year of publication 1983.
300 ## - PHYSICAL DESCRIPTION
Number of Pages 279 ; .
650 ## - SUBJECT ADDED ENTRY--TOPICAL TERM
Topical Term Wind power
942 ## - ADDED ENTRY ELEMENTS (KOHA)
Koha item type Books
Holdings
Withdrawn status Lost status Damaged status Home library Current library Shelving location Date acquired Full call number Accession Number Koha item type
      KAUAET KAUAET Shelf- 7A 26/03/1987 621.47 VOS/CO 16135 Books
free website counter